000 00858nam a22002777a 4500
003 CHAP
005 20220329135626.0
008 971013s1959 r 00010 d
010 _a39517
011 _a40489
035 _a44615
040 _cCHAP
090 _aFolleto 459
110 _aE.U.A. Agricultural Research Service
_934856
245 _aFarm mechanization in the Soviet Union ; report of a technical study group
260 _aWashington :
_bA.R.S.,
_c1959
300 _a33 p.
_b: ilus.
590 _aBATCH-UPD
_b10
_c20130110
_lUCH01
_h2004
590 _aBATCH-UPD
_b10
_c20130410
_lUCH01
_h1324
590 _aBATCH-UPD
_b10
_c20130914
_lUCH01
_h1806
590 _aCONVERSION
_b10
_c20130109
_lUCH01
_h1322
650 1 4 _aMecanización agrícola.
_973801
901 _aBK
942 _cFOLL
949 _aFolleto 459
_bBC
_cFOLL
_d-102250
_eTS1
_i44615
_si
999 _c39517
_d39517